=LDR 00000nam 2200000 4500 =001 INLIS000000000033637 =005 20130612135559 =008 ***********************************ind** =035 ##$$0010-061300000033637 =041 ##$$a ind =082 ##$$a 153.9 =090 ##$$a 153.9, Har,t =100 ##$$a Hariwijaya, M =245 ##$$a Tes IQ Anda Untuk Studi dan Meraih Puncak Prestasi, M.Hariwijaya =260 ##$$a 2005 $b Yogyakarta =300 ##$$a xvii,107 hlm., Illus., 21 cm =650 ##$$a Tes Kecerdasan =850 ##$$a NBPNMAT